| 000 | 00848nam a2200265 4500 | ||
|---|---|---|---|
| 003 | OSt | ||
| 005 | 20260530115304.0 | ||
| 008 | 260422b2007 spaa|||| |||| 00| 0 spa d | ||
| 040 |
_aICI _bspa _cICI |
||
| 050 |
_aZ246 _bA5518 2007 |
||
| 100 | 1 |
_aAmbrose, Gavin, _d autor _931717 |
|
| 240 |
_aTypography. _lEspañol |
||
| 245 | 1 | 0 |
_a Tipografía / _cAmbrose, Paul Harris ; traducción, Eva María Jaime Rius |
| 250 | _asegunda edicion | ||
| 264 | 1 |
_bParramón, _c2007 _aBarcelona : |
|
| 300 |
_a176 páginas _bilustraciones _c23 cm. |
||
| 336 |
_atexto _2rdacontent |
||
| 337 |
_asin medio _2rdamedia |
||
| 338 |
_avolumen _2rdacarrier |
||
| 650 | _a Diseño gráfico (Tipografía) | ||
| 650 |
_a Imprenta _910165 |
||
| 700 |
_a Harris, Paul, _d1971- _eautor _931719 |
||
| 700 |
_aaime i Rius, Eva María, _etraductor _931720 |
||
| 942 |
_2lcc _cBK |
||
| 999 |
_c13013 _d13013 |
||